Fighting armed robbery in Ghana / (Record no. 338)
[ view plain ]
| 000 -LEADER | |
|---|---|
| fixed length control field | 00616cam a2200181 a 4500 |
| 001 - CONTROL NUMBER | |
| control field | 15441897 |
| 005 - DATE AND TIME OF LATEST TRANSACTION | |
| control field | 20241029111906.0 |
| 008 - FIXED-LENGTH DATA ELEMENTS--GENERAL INFORMATION | |
| fixed length control field | 080908s2008 gh a b 001 0 eng |
| 020 ## - INTERNATIONAL STANDARD BOOK NUMBER | |
| Canceled/invalid ISBN | 9789988111657 |
| International Standard Book Number | 9789988111656 |
| 050 00 - LIBRARY OF CONGRESS CALL NUMBER | |
| Classification number | HV6453.G45 |
| Item number | A88 2008 |
| 100 1# - MAIN ENTRY--PERSONAL NAME | |
| Personal name | Attafuah, Ken Agyeman. |
| 245 10 - TITLE STATEMENT | |
| Title | Fighting armed robbery in Ghana / |
| Statement of responsibility, etc. | Ken A. Attafuah. |
| 260 ## - PUBLICATION, DISTRIBUTION, ETC. | |
| Place of publication, distribution, etc. | Accra : |
| Name of publisher, distributor, etc. | Justice & Human Rights Institute, |
| Date of publication, distribution, etc. | c2008. |
| 300 ## - PHYSICAL DESCRIPTION | |
| Extent | xx, 332 p. : |
| Other physical details | ill. ; |
| Dimensions | 22 cm. |
| 650 #0 - SUBJECT ADDED ENTRY--TOPICAL TERM | |
| Topical term or geographic name entry element | Crime prevention |
| Geographic subdivision | Ghana. |
| 856 41 - ELECTRONIC LOCATION AND ACCESS | |
| Materials specified | Table of contents only |
| Uniform Resource Identifier | <a href="http://www.loc.gov/catdir/toc/fy0903/2008345048.html">http://www.loc.gov/catdir/toc/fy0903/2008345048.html</a> |
| 942 ## - ADDED ENTRY ELEMENTS (KOHA) | |
| Source of classification or shelving scheme | Library of Congress Classification |
| Koha item type | Books |
| Suppress in OPAC | No |
| 999 ## - | |
| -- | 338 |
| -- | 338 |
| Withdrawn status | Lost status | Source of classification or shelving scheme | Damaged status | Not for loan | Home library | Current library | Shelving location | Date acquired | Total checkouts | Full call number | Barcode | Date last seen | Copy number | Price effective from | Koha item type | Collection |
|---|---|---|---|---|---|---|---|---|---|---|---|---|---|---|---|---|
| Library of Congress Classification | Business Library (Miotso) | Business Library (Miotso) | General stacks | 04/20/2026 | HV6453.G45 A88 ATT | BSSM00003315 | 04/20/2026 | 1 | 04/20/2026 | Books | Non-fiction | |||||
| Library of Congress Classification | Business Library (Miotso) | Business Library (Miotso) | General stacks | 04/20/2026 | HV6453.G45 A88 ATT | BSSM00003316 | 04/20/2026 | 2 | 04/20/2026 | Books | Non-fiction | |||||
| Library of Congress Classification | Law Library Annex (Miotso) | Law Library Annex (Miotso) | General stacks | 10/28/2024 | HV6453.G45A88 | LLM00000062 | 10/29/2024 | 1 | 10/28/2024 | Books | ||||||
| Library of Congress Classification | Undergraduate Library (Christ Temple) | Undergraduate Library (Christ Temple) | General stacks | 01/08/2025 | HV6453.G45 A88 ATT | ulct00000747 | 01/08/2025 | 1 | 01/08/2025 | Books | Non-fiction | |||||
| Library of Congress Classification | Undergraduate Library (Christ Temple) | Undergraduate Library (Christ Temple) | General stacks | 01/08/2025 | HV6453.G45 A88 ATT | ulct00000748 | 01/08/2025 | 1 | 01/08/2025 | Books | Non-fiction |